|
|
|
|
| LEADER |
00000cam a2200000 7i4500 |
| 001 |
0000002297 |
| 005 |
20030523.0 |
| 020 |
0 |
0 |
|a 1560986166
|
| 090 |
0 |
0 |
|a R635.97745
|b JON 1995
|
| 100 |
1 |
0 |
|a JONES
|h David L. [
|q (David Lloyd)]
|
| 245 |
1 |
0 |
|a Palms throughout the world
|c David L. Jones ; foreword by John Dransfield
|
| 260 |
0 |
0 |
|a Washington, D.C. :
|b Smithsonian Institution Press ,
|c 1995
|
| 300 |
|
|
|a 410 p. :
|b ill. (some col.) ;
|c 27 cm.
|
| 500 |
0 |
0 |
|a Includes bibliographical references (p. 390-396) and index
|
| 650 |
0 |
0 |
|a Palms
|
| 998 |
|
|
|a JPSM
|
| 999 |
|
|
|a 0000004162
|b Monograph
|c Reference
|e Default branch
|